| 000 | 00484nam a22001697a 4500 | ||
|---|---|---|---|
| 005 | 20180620110322.0 | ||
| 010 | _aENG-123257 | ||
| 020 |
_a9789382359531 _c300.00 |
||
| 035 | _aEN-106789 | ||
| 037 | _bDBAD/PUB | ||
| 082 | _a324.954 | ||
| 100 | _aRaj, M. C. | ||
| 245 |
_aElectoral systems: _cby M. C. Raj _bproportional representation system for India / |
||
| 260 |
_aBangalor _bGreen Ink _c2013 |
||
| 300 |
_a235p. _c20cm(pbk) |
||
| 942 |
_2ddc _cEN _mRAJ _h324.954 |
||
| 999 |
_c152819 _d152819 |
||